|
|
|
|
| LEADER |
00000cam a2200000 7i4500 |
| 001 |
0000001380 |
| 005 |
20010612.0 |
| 090 |
0 |
0 |
|a 581.90946
|b YAP 1991
|
| 100 |
1 |
0 |
|a YAP
|h Son Kheong
|
| 245 |
1 |
0 |
|a Plants for coastline planting in Malaysia
|c Yap Son Kheong & Adnan Mohamad
|
| 260 |
0 |
0 |
|a Kuala Lumpur :
|b Institut Penyelidikan Perhutanan Malaysia ,
|c 1991
|
| 300 |
|
|
|a 40 p. :
|b col. ill. ;
|c 25 cm.
|
| 440 |
0 |
0 |
|a FRIM technical information ; no. 23
|
| 500 |
0 |
0 |
|a Bibliography : [p. 37]
|
| 650 |
0 |
0 |
|a Coastal flora
|z Malaysia
|
| 650 |
0 |
0 |
|a Seashore flora
|z Malaysia
|
| 650 |
0 |
0 |
|a Shore protection
|z Malaysia
|
| 700 |
0 |
1 |
|a Adnan Mohamad
|
| 710 |
1 |
1 |
|a Institut Penyelidikan Perhutanan Malaysia (FRIM)
|
| 998 |
|
|
|a JPSM
|
| 999 |
|
|
|a 0000002523
|b Monograph
|c Open Shelf
|e Default branch
|
| 999 |
|
|
|a 0000002524
|b Monograph
|c Open Shelf
|e Default branch
|
| 999 |
|
|
|a 0000002952
|b Monograph
|c Open Shelf
|e Default branch
|
| 999 |
|
|
|a 0000005998
|b Monograph
|c Open Shelf
|e Default branch
|